00856 2200277 4500001002100000005001700021008004100038035002400079082001100103090001800114100002000132245011200152250001000264260007500274300002900349500006600378500001100444650002100455700002200476700001500498850001500513980001400528985000600542999001500548999001500563YOGYA-0209000002679020090227024104.0 ind  0010-020900000026790 a297.77 a297.77bZie P aZIEMEK, Manfred aPesantren dalam perubahan sosialcManfred Ziemek ; penerjemah, Butche B. Soeddjojo ; penyunting, B. Siregar aCet.1 aJakartabPerhimpunan Perkembangan Pesantren dan Masyarakat (P3M)c1986 avi, 263 hlmbilusc21 cm aJudul asli : Pesantren Islamische Building in sozialen wandel aIndeks aPondok pesantren aSunjoyo, Butche B aSiregar, B aYOPDYOG(B) a24-2-2007 a2 a06A0015579 a06A0015580